[Event "4NCL Division 3 North"]
[Site "Wakefield, ENG"]
[Date "2018.03.18"]
[Round "8.11"]
[White "Thorarinsson, Pall A"]
[Black "Bentley, John L"]
[Result "1-0"]
[WhiteElo "2275"]
[BlackElo "2148"]
[PlyCount "95"]
[EventDate "2018.03.18"]
[WhiteTeam "Gonzaga"]
[BlackTeam "3Cs 2"]

1. d4 Nf6 2. Nf3 g6 3. Bg5 Bg7 4. Nbd2 c5 5. Bxf6 Bxf6 6. Ne4 Bxd4 7. Nxd4 cxd4
8. Qxd4 O-O 9. O-O-O Nc6 10. Qd2 Qa5 11. Qxa5 Nxa5 12. Nc3 d6 13. Nd5 Nc6 14.
e4 Be6 15. Bb5 Bxd5 16. exd5 Nb8 17. Rhe1 a6 18. Bf1 Re8 19. Rd3 Nd7 20. Rc3
Rec8 21. Rxc8+ Rxc8 22. Rxe7 Nc5 23. g3 Kf8 24. Re3 Re8 25. Rxe8+ Kxe8 26. b4
Ne4 27. f3 Nf6 28. c4 Kd7 29. Kd2 Kc7 30. Ke3 Nd7 31. Kd4 b6 32. f4 a5 33. a3
axb4 34. axb4 Nf6 35. Be2 Kd7 36. g4 Ke7 37. g5 Ne8 38. Bg4 Nc7 39. h4 Ne8 40.
h5 f5 41. Bh3 Ng7 42. h6 Ne8 43. Bf1 Nc7 44. Bd3 Ne8 45. Bc2 Kd8 46. Ba4 Nc7
47. c5 bxc5+ 48. bxc5 1-0

[Event "4NCL Division 3 North"]
[Site "Wakefield, ENG"]
[Date "2018.03.18"]
[Round "8.12"]
[White "Adams, Philip"]
[Black "McPhillips, Karl"]
[Result "1/2-1/2"]
[WhiteElo "2147"]
[BlackElo "2243"]
[PlyCount "134"]
[EventDate "2018.03.18"]
[WhiteTeam "3Cs 2"]
[BlackTeam "Gonzaga"]

1. e4 c5 2. Nf3 Nc6 3. c3 d5 4. exd5 Qxd5 5. d4 cxd4 6. cxd4 e5 7. Nc3 Bb4 8.
Bd2 Bxc3 9. Bxc3 e4 10. Ne5 Nxe5 11. dxe5 Ne7 12. Be2 O-O 13. O-O Be6 14. Qa4
Bd7 15. Qa3 Qe6 16. Rad1 Bc6 17. Rd6 Qf5 18. Rfd1 Qg5 19. Bf1 Nf5 20. R6d2 e3
21. fxe3 Nxe3 22. Re1 Rad8 23. Rf2 Ng4 24. Rc2 Qf5 25. Rce2 a6 26. h3 Nh6 27.
Rf2 Qe6 28. b3 Nf5 29. Bc4 Bd5 30. Bd3 Nh4 31. Bf1 Rc8 32. Ba1 Qg6 33. b4 Rfd8
34. Qe3 Nf5 35. Qf4 Ng3 36. Kh2 Nxf1+ 37. Rexf1 Rc4 38. Qd2 Qb6 39. e6 Bxe6 40.
Qg5 Qd6+ 41. Kh1 Rd4 42. Bxd4 Qxd4 43. Qe7 Qd5 44. Kg1 h5 45. Rc1 Rd7 46. Qc5
Qxc5 47. Rxc5 Rd4 48. Rb2 h4 49. a4 g6 50. Rc7 Rd1+ 51. Kf2 Ra1 52. Rxb7 Rxa4
53. Rc7 Kg7 54. Rc5 Ra1 55. Ra5 Rh1 56. Rxa6 Bxh3 57. b5 Bc8 58. Ra7 h3 59. Kg3
Be6 60. gxh3 Rxh3+ 61. Kg2 Rh8 62. b6 Bd5+ 63. Kg3 Rb8 64. Rd7 Bc6 65. Ra7 Bd5
66. Rd2 Bc6 67. Rb2 Kf6 1/2-1/2

[Event "4NCL Division 3 North"]
[Site "Wakefield, ENG"]
[Date "2018.03.18"]
[Round "8.13"]
[White "Freeman, Gordon"]
[Black "Burton, Graham P"]
[Result "1-0"]
[WhiteElo "2163"]
[BlackElo "2125"]
[PlyCount "63"]
[EventDate "2018.03.18"]
[WhiteTeam "Gonzaga"]
[BlackTeam "3Cs 2"]

1. Nf3 c5 2. g3 Nf6 3. Bg2 e6 4. c4 Be7 5. O-O O-O 6. Nc3 a6 7. b3 d6 8. d4
cxd4 9. Nxd4 Nbd7 10. Bb2 Qc7 11. Rc1 Ne5 12. h3 Bd7 13. e4 Rac8 14. f4 Ng6 15.
Kh2 Qb8 16. Qd3 h5 17. Rce1 h4 18. g4 e5 19. Nf5 Bxf5 20. exf5 Nxf4 21. Rxf4 d5
22. Nxd5 Nxd5 23. Bxd5 e4 24. Rexe4 Bg5 25. Qd4 Bf6 26. Qf2 Bxb2 27. Qxb2 Rce8
28. Kh1 b5 29. Qf2 bxc4 30. f6 Rxe4 31. Rxe4 gxf6 32. Qxf6 1-0

[Event "4NCL Division 3 North"]
[Site "Wakefield, ENG"]
[Date "2018.03.18"]
[Round "8.14"]
[White "Rita, Joao"]
[Black "Delaney, Killian"]
[Result "1/2-1/2"]
[WhiteElo "2035"]
[BlackElo "2200"]
[PlyCount "128"]
[EventDate "2018.03.18"]
[WhiteTeam "3Cs 2"]
[BlackTeam "Gonzaga"]

1. e4 c6 2. d3 d5 3. Nd2 e5 4. Ngf3 Bd6 5. d4 exd4 6. exd5 Nf6 7. dxc6 Nxc6 8.
Bb5 O-O 9. O-O Bg4 10. h3 Bxf3 11. Nxf3 Bc5 12. Bg5 h6 13. Bh4 g5 14. Bg3 Ne4
15. Bh2 Re8 16. Bxc6 bxc6 17. Ne5 Qd5 18. Nd3 Bd6 19. Bxd6 Qxd6 20. f4 Ng3 21.
Rf2 Re3 22. fxg5 hxg5 23. Qg4 Qg6 24. Rf3 Ne2+ 25. Kf2 Rae8 26. Re1 Nf4 27.
Rfxe3 dxe3+ 28. Rxe3 Rxe3 29. Kxe3 f5 30. Qf3 Nd5+ 31. Kd2 g4 32. Qg3 a5 33.
hxg4 fxg4 34. Qe5 Kh7 35. c4 Nb4 36. Nxb4 axb4 37. Qe7+ Kh6 38. Qxb4 Qe4 39.
Qf8+ Kg6 40. Qf1 Kh5 41. Qe2 Qd4+ 42. Kc1 Qg1+ 43. Kc2 c5 44. a4 Kh4 45. a5 Kg3
46. a6 Qa1 47. Qd3+ Kxg2 48. Qa3 Qf1 49. a7 Qxc4+ 50. Kb1 Qe4+ 51. Ka1 Qa8 52.
Qxc5 g3 53. Qb6 Kh2 54. Qb8 Qh1+ 55. Ka2 Qd5+ 56. Ka3 Qa5+ 57. Kb3 Qd5+ 58. Ka4
Qa2+ 59. Kb5 Qxb2+ 60. Kc6 Qc3+ 61. Kd7 Qd4+ 62. Kc8 Qc5+ 63. Kb7 Qb5+ 64. Kc7
Qc5+ 1/2-1/2

[Event "4NCL Division 3 North"]
[Site "Wakefield, ENG"]
[Date "2018.03.18"]
[Round "8.15"]
[White "Murray, David"]
[Black "McLean, Robert"]
[Result "1/2-1/2"]
[WhiteElo "2153"]
[BlackElo "2050"]
[PlyCount "50"]
[EventDate "2018.03.18"]
[WhiteTeam "Gonzaga"]
[BlackTeam "3Cs 2"]

1. e4 e6 2. d4 d5 3. Nc3 Nf6 4. Bg5 Be7 5. e5 Nfd7 6. h4 Nc6 7. Qg4 f6 8. Bf4
O-O 9. Qxe6+ Kh8 10. Qxd5 fxe5 11. Bxe5 Nb4 12. Bxg7+ Kxg7 13. Qb3 Nc5 14. dxc5
Bxc5 15. Ne4 Qd4 16. Bd3 Rxf2 17. O-O-O Nxd3+ 18. Qxd3 Qxd3 19. cxd3 Be3+ 20.
Kb1 Rxg2 21. Nf3 Bg4 22. Rde1 Bxf3 23. Rxe3 Rxb2+ 24. Kxb2 Bxh1 25. Ng5 h6
1/2-1/2

[Event "4NCL Division 3 North"]
[Site "Wakefield, ENG"]
[Date "2018.03.18"]
[Round "8.16"]
[White "Hazlehurst, Cory S"]
[Black "O'Connor, Eddie"]
[Result "1-0"]
[WhiteElo "2035"]
[BlackElo "2005"]
[PlyCount "97"]
[EventDate "2018.03.18"]
[WhiteTeam "3Cs 2"]
[BlackTeam "Gonzaga"]

1. d4 e6 2. c4 Nf6 3. g3 d5 4. Nf3 Be7 5. Bg2 Nbd7 6. O-O Ne4 7. Nbd2 Ndf6 8.
Qc2 O-O 9. b3 Bd7 10. Ne5 Nxd2 11. Bxd2 Rc8 12. c5 c6 13. b4 Be8 14. Bc3 Nd7
15. Nd3 Bg5 16. a4 f6 17. f4 Bh6 18. e4 dxe4 19. Bxe4 Bg6 20. Bxg6 hxg6 21. Qb3
Re8 22. Rfe1 Nf8 23. b5 Qd5 24. Qxd5 cxd5 25. Bd2 Nh7 26. Re2 g5 27. Rae1 Kf7
28. f5 exf5 29. Rxe8 Rxe8 30. Rxe8 Kxe8 31. Nb4 g4 32. Bxh6 gxh6 33. Nxd5 Kd7
34. Kf2 Ng5 35. Nxf6+ Kc8 36. d5 Nf3 37. Ng8 Ne5 38. Ke3 h5 39. Ne7+ Kd8 40.
Nxf5 Nf3 41. Ng7 Nxh2 42. Nxh5 Nf3 43. Nf6 Nh2 44. Kf4 Nf3 45. Nxg4 Nd4 46. Ne5
Ne2+ 47. Kf5 Nxg3+ 48. Ke6 Ne4 49. Nf7+ 1-0

[Event "4NCL Division 3 North"]
[Site "Wakefield, ENG"]
[Date "2018.03.18"]
[Round "8.21"]
[White "Parsons, Matthew"]
[Black "Richardson, Alex"]
[Result "1/2-1/2"]
[WhiteElo "2117"]
[BlackElo "2153"]
[PlyCount "82"]
[EventDate "2018.03.18"]
[WhiteTeam "Bradford DCA Knights A"]
[BlackTeam "Cheddleton 2"]

1. d4 d5 2. Bf4 Nf6 3. e3 e6 4. Nd2 Bd6 5. Bg3 O-O 6. Ngf3 c5 7. c3 b6 8. Bb5
Ba6 9. Qe2 Bxb5 10. Qxb5 a6 11. Qe2 Nc6 12. e4 Be7 13. Ne5 Qc8 14. O-O b5 15.
Rac1 Rd8 16. Nxc6 Qxc6 17. e5 Ne8 18. Qg4 Rac8 19. Nf3 g6 20. Bh4 h5 21. Qf4
Bxh4 22. Qxh4 cxd4 23. Nxd4 Qc4 24. f4 Ng7 25. a3 Qd3 26. Qg5 Nf5 27. Nxf5 Qxf5
28. Qxf5 gxf5 29. Rfd1 d4 30. Rd3 dxc3 31. Rcxc3 Rxd3 32. Rxc8+ Kg7 33. Rc6
Rd1+ 34. Kf2 Rd2+ 35. Kf1 a5 36. b3 Rd3 37. Ra6 Rxb3 38. Rxa5 b4 39. axb4 Rxb4
40. g3 Rb1+ 41. Kg2 Rb2+ 1/2-1/2

[Event "4NCL Division 3 North"]
[Site "Wakefield, ENG"]
[Date "2018.03.18"]
[Round "8.22"]
[White "Whitfield, Craig M"]
[Black "Jennings, Roger W"]
[Result "1/2-1/2"]
[WhiteElo "2082"]
[BlackElo "2020"]
[PlyCount "84"]
[EventDate "2018.03.18"]
[WhiteTeam "Cheddleton 2"]
[BlackTeam "Bradford DCA Knights A"]

1. e4 g6 2. d4 Bg7 3. Nc3 d6 4. f4 Nf6 5. Nf3 O-O 6. Bd3 Nc6 7. O-O Bg4 8. e5
Bxf3 9. Rxf3 Nxd4 10. exf6 Nxf3+ 11. Qxf3 Bxf6 12. Qxb7 Qb8 13. Qxb8 Raxb8 14.
Nd5 Bxb2 15. Nxe7+ Kg7 16. Bxb2+ Rxb2 17. Nc6 a6 18. a4 Rb6 19. Ne7 Ra8 20. a5
Rb2 21. Nc6 Kf8 22. Ra3 Ke8 23. Rb3 Rxb3 24. cxb3 Kd7 25. Be4 Re8 26. Bd5 Re1+
27. Kf2 Rd1 28. Bf3 Rd3 29. Nb4 Rxb3 30. Bc6+ Kd8 31. Nxa6 Ra3 32. Nb4 Rxa5 33.
Ke3 Rc5 34. Kd4 Ke7 35. g4 f6 36. Bf3 Kf7 37. Nc6 Ke6 38. Nb4 Rb5 39. Bd5+ Ke7
40. Nc6+ Kd7 41. h4 Rb6 42. Na5 Rb4+ 1/2-1/2

[Event "4NCL Division 3 North"]
[Site "Wakefield, ENG"]
[Date "2018.03.18"]
[Round "8.23"]
[White "Allis, Richard"]
[Black "Acey, Gerald"]
[Result "0-1"]
[WhiteElo "2058"]
[BlackElo "2132"]
[PlyCount "94"]
[EventDate "2018.03.18"]
[WhiteTeam "Bradford DCA Knights A"]
[BlackTeam "Cheddleton 2"]

1. d4 d5 2. Nf3 Nf6 3. Bg5 Nbd7 4. Nbd2 e6 5. e4 dxe4 6. Nxe4 Be7 7. Bxf6 Nxf6
8. Nxf6+ Bxf6 9. Bd3 c5 10. c3 cxd4 11. Nxd4 Bxd4 12. Qa4+ Bd7 13. Qxd4 Qf6 14.
Qxf6 gxf6 15. Be4 O-O-O 16. O-O-O Kc7 17. f3 f5 18. Bc2 Bc6 19. c4 b6 20. a4 a5
21. b3 Rhg8 22. Rxd8 Rxd8 23. Re1 Rg8 24. Re2 h6 25. Kb2 Kd6 26. Kc3 h5 27. b4
axb4+ 28. Kxb4 h4 29. h3 Ra8 30. Re1 Ra5 31. Rd1+ Kc7 32. Rd4 Re5 33. Bd3 Re3
34. Bc2 Re2 35. Bb3 Rxg2 36. Rxh4 Bxf3 37. Rh7 Kd6 38. Rxf7 Rh2 39. Rh7 Be4 40.
Rh8 f4 41. Kc3 Bf5 42. h4 Rh3+ 43. Kb2 f3 44. Bd1 f2 45. Be2 Re3 46. Bf1 Re1
47. Bg2 Rb1+ 0-1

[Event "4NCL Division 3 North"]
[Site "Wakefield, ENG"]
[Date "2018.03.18"]
[Round "8.24"]
[White "Boswell, Jacob Connor"]
[Black "Nicholson, Jim W R"]
[Result "1/2-1/2"]
[WhiteElo "2072"]
[BlackElo "1992"]
[PlyCount "97"]
[EventDate "2018.03.18"]
[WhiteTeam "Cheddleton 2"]
[BlackTeam "Bradford DCA Knights A"]

1. e4 c6 2. d4 d5 3. Nd2 dxe4 4. Nxe4 Bf5 5. Ng3 Bg6 6. h4 h6 7. Nf3 Nd7 8. h5
Bh7 9. Bd3 Bxd3 10. Qxd3 e6 11. Bd2 Ngf6 12. O-O-O Be7 13. Ne4 Nxe4 14. Qxe4
Nf6 15. Qe2 Qd5 16. c4 Qe4 17. Qxe4 Nxe4 18. Be3 f5 19. Nd2 Nxd2 20. Bxd2 Bf6
21. Rhe1 Kf7 22. Bf4 Bg5 23. Be3 Rad8 24. f4 Bh4 25. Re2 Rd7 26. Red2 Rhd8 27.
Kc2 b5 28. Kc3 Be7 29. b4 bxc4 30. Kxc4 Rb8 31. a3 a5 32. Rb1 axb4 33. axb4
Rdb7 34. Rdb2 Ra8 35. Bd2 Rb5 36. g3 Bf6 37. Bc3 Ke8 38. Re1 Kd7 39. Rbe2 Re8
40. Ra1 Rb7 41. Ra6 Be7 42. Ra5 Bd6 43. Rea2 Reb8 44. Ra7 Be7 45. Ra8 Rxa8 46.
Rxa8 Bf6 47. Rf8 Ke7 48. Rc8 Kd7 49. Rf8 1/2-1/2

[Event "4NCL Division 3 North"]
[Site "Wakefield, ENG"]
[Date "2018.03.18"]
[Round "8.25"]
[White "Gardiner, Eric D"]
[Black "Edwards, Simon R"]
[Result "1/2-1/2"]
[WhiteElo "1965"]
[BlackElo "1931"]
[PlyCount "85"]
[EventDate "2018.03.18"]
[WhiteTeam "Bradford DCA Knights A"]
[BlackTeam "Cheddleton 2"]

1. d4 Nf6 2. Bg5 c5 3. d5 Qb6 4. Nc3 Qxb2 5. Bd2 Qb6 6. e4 d6 7. f4 g6 8. Nf3
Bg7 9. Bb5+ Bd7 10. Bc4 O-O 11. O-O Qc7 12. a4 e6 13. dxe6 Bxe6 14. Qe2 Nc6 15.
Nb5 Qd7 16. Bc3 a6 17. Bxe6 fxe6 18. Nxd6 Qxd6 19. e5 Qe7 20. exf6 Bxf6 21.
Bxf6 Qxf6 22. Rad1 Rad8 23. c3 Qxf4 24. Qxe6+ Qf7 25. Qxf7+ Rxf7 26. Rxd8+ Nxd8
27. Rd1 Nc6 28. Rd5 Rf4 29. Rxc5 Rxa4 30. Kf2 Ra2+ 31. Kg3 Rb2 32. Ne5 Nxe5 33.
Rxe5 Rb3 34. Rc5 b6 35. Rc7 a5 36. Kf4 Rb5 37. Rc8+ Kg7 38. Rc7+ Kh6 39. g4 Rc5
40. Rb7 Rc4+ 41. Ke5 Rxg4 42. Rxb6 Rc4 43. Rb3 1/2-1/2

[Event "4NCL Division 3 North"]
[Site "Wakefield, ENG"]
[Date "2018.03.18"]
[Round "8.31"]
[White "Rutter, Nick J"]
[Black "Bimpson, Tom"]
[Result "1-0"]
[WhiteElo "2290"]
[BlackElo "1985"]
[PlyCount "95"]
[EventDate "2018.03.18"]
[WhiteTeam "Shropshire 1"]
[BlackTeam "Spirit of Atticus B"]

1. e4 d6 2. d4 Nf6 3. Nc3 e5 4. Nf3 Nbd7 5. Bc4 Be7 6. O-O h6 7. Re1 c6 8. a4
Qc7 9. a5 Nf8 10. h3 g5 11. Nh2 Ng6 12. d5 c5 13. Bb5+ Kf8 14. a6 Nf4 15. Bxf4
gxf4 16. axb7 Bxb7 17. Qd3 Kg7 18. Ba6 Rhb8 19. b3 Bxa6 20. Rxa6 Rb4 21. Rc6
Qb7 22. Nf3 Nd7 23. Na2 Rb5 24. Nd2 Nb8 25. Rc7 Qxc7 26. Qxb5 Nd7 27. Nc4 Nf6
28. Nc3 Rg8 29. Ra1 Kh8 30. Qc6 Qd8 31. Kh2 Qf8 32. Rg1 Qg7 33. g4 h5 34. f3
Ne8 35. Qd7 Qf8 36. Na5 Bh4 37. Nc6 Nf6 38. Qf5 Qh6 39. g5 Bg3+ 40. Kh1 Rxg5
41. Qc8+ Ng8 42. Nd8 Rg7 43. Qd7 Qf6 44. Nb5 Bh4 45. Rxg7 Kxg7 46. Nxd6 Qxd8
47. Qxf7+ Kh8 48. Qxh5+ 1-0

[Event "4NCL Division 3 North"]
[Site "Wakefield, ENG"]
[Date "2018.03.18"]
[Round "8.32"]
[White "Hall, John"]
[Black "Hurney, Kevin"]
[Result "1/2-1/2"]
[WhiteElo "2047"]
[BlackElo "2170"]
[PlyCount "149"]
[EventDate "2018.03.18"]
[WhiteTeam "Spirit of Atticus B"]
[BlackTeam "Shropshire 1"]

1. e4 d6 2. d4 g6 3. f4 Bg7 4. Nf3 Nf6 5. e5 Nfd7 6. Bd3 O-O 7. O-O c5 8. c3
cxd4 9. cxd4 Nc6 10. Kh1 Nb6 11. Nc3 Bg4 12. Be3 dxe5 13. dxe5 Nd5 14. Nxd5
Qxd5 15. Qe2 Rad8 16. Rad1 Qxa2 17. Bc4 Qa5 18. h3 Bxf3 19. Qxf3 Rxd1 20. Rxd1
Rd8 21. Rxd8+ Qxd8 22. Bd5 Qd7 23. Qe4 e6 24. Bc4 Bf8 25. Bb5 a6 26. Be2 Nb4
27. Qd4 Qxd4 28. Bxd4 Nd5 29. g3 Bb4 30. Kg2 Kf8 31. Kf3 Ke7 32. Ke4 b5 33. g4
Be1 34. f5 Kd7 35. Bf3 a5 36. Be2 Kc6 37. fxe6 fxe6 38. g5 Bh4 39. Bg4 Nc7 40.
Be3 a4 41. Kd4 Be1 42. Bc1 Bb4 43. Bf3+ Nd5 44. h4 Bc5+ 45. Kd3 Kd7 46. h5 Ne7
47. Be4 Nf5 48. h6 Be7 49. Bb7 b4 50. Kc4 Kc7 51. Be4 a3 52. bxa3 bxa3 53. Bb1
Kc6 54. Ba2 Bc5 55. Kd3 Kd7 56. Ke4 Ke7 57. Kd3 Bd4 58. Bxa3+ Kd7 59. Ke4 Be3
60. Bc4 Bxg5 61. Bb5+ Kd8 62. Bd3 Be7 63. Bc1 Kd7 64. Bb5+ Kd8 65. Bc4 Bf8 66.
Bxe6 Bxh6 67. Ba3 Ne7 68. Bf7 Bg5 69. Bc5 Kd7 70. e6+ Kc6 71. Bd4 Nf5 72. Be5
Be7 73. Bg8 h6 74. Bf7 Nd6+ 75. Bxd6 1/2-1/2

[Event "4NCL Division 3 North"]
[Site "Wakefield, ENG"]
[Date "2018.03.18"]
[Round "8.33"]
[White "Higgie, Charles L"]
[Black "Johnson, Michael D"]
[Result "1/2-1/2"]
[WhiteElo "2050"]
[BlackElo "1983"]
[PlyCount "49"]
[EventDate "2018.03.18"]
[WhiteTeam "Shropshire 1"]
[BlackTeam "Spirit of Atticus B"]

1. d4 Nf6 2. c4 g6 3. Nc3 d5 4. cxd5 Nxd5 5. e4 Nxc3 6. bxc3 Bg7 7. Bc4 O-O 8.
Ne2 b6 9. Be3 Ba6 10. Bb3 Nc6 11. Bd5 Qd7 12. Qa4 Bb7 13. f3 Rfd8 14. Bg5 Na5
15. Qxd7 Rxd7 16. Bxb7 Nxb7 17. Kf2 c5 18. Rhd1 cxd4 19. cxd4 Rc8 20. Rac1 Rxc1
21. Rxc1 h6 22. Rc8+ Kh7 23. Bf4 Nd8 24. d5 Nb7 25. Rc7 1/2-1/2

[Event "4NCL Division 3 North"]
[Site "Wakefield, ENG"]
[Date "2018.03.18"]
[Round "8.34"]
[White "Buckley, Colm"]
[Black "Paul, Nathanael"]
[Result "1-0"]
[WhiteElo "1922"]
[BlackElo "2005"]
[PlyCount "61"]
[EventDate "2018.03.18"]
[WhiteTeam "Spirit of Atticus B"]
[BlackTeam "Shropshire 1"]

1. d4 g6 2. e4 c6 3. Nf3 d5 4. exd5 cxd5 5. c4 Nf6 6. Nc3 Nc6 7. Be2 Bg7 8. O-O
O-O 9. Re1 a6 10. c5 Ne4 11. Bf4 f6 12. Nxe4 dxe4 13. Bc4+ Kh8 14. Rxe4 f5 15.
Re2 Nxd4 16. Nxd4 Qxd4 17. Qxd4 Bxd4 18. Rd1 Bf6 19. Bh6 Bg7 20. Bxg7+ Kxg7 21.
Rxe7+ Kh8 22. f4 Rb8 23. Rd6 Ra8 24. Kf2 a5 25. Kg3 a4 26. Kh4 b5 27. cxb6 Ba6
28. Rdd7 g5+ 29. fxg5 Bxc4 30. Rxh7+ Kg8 31. Rdg7# 1-0

[Event "4NCL Division 3 North"]
[Site "Wakefield, ENG"]
[Date "2018.03.18"]
[Round "8.35"]
[White "Whyte, Brian G"]
[Black "Mort, Andrew J"]
[Result "1/2-1/2"]
[WhiteElo "2035"]
[BlackElo "1877"]
[PlyCount "48"]
[EventDate "2018.03.18"]
[WhiteTeam "Shropshire 1"]
[BlackTeam "Spirit of Atticus B"]

1. Nf3 e6 2. g3 f5 3. Bg2 Nf6 4. O-O d5 5. d3 Bd6 6. Nbd2 O-O 7. Qe1 Nc6 8. c4
d4 9. Nb3 a5 10. Bd2 Bb4 11. e3 dxe3 12. Qxe3 Bxd2 13. Qxd2 a4 14. Nc1 Qd6 15.
Ne2 e5 16. Nc3 Be6 17. Nb5 Qd7 18. Qe2 Rae8 19. Rad1 Nd4 20. Nbxd4 exd4 21. Qc2
f4 22. Ne5 Qc8 23. Rde1 Bh3 24. Nf3 Bxg2 1/2-1/2

[Event "4NCL Division 3 North"]
[Site "Wakefield, ENG"]
[Date "2018.03.18"]
[Round "8.36"]
[White "Cooper, John G"]
[Black "Bennion, David"]
[Result "0-1"]
[WhiteElo "1932"]
[BlackElo "1907"]
[PlyCount "52"]
[EventDate "2018.03.18"]
[WhiteTeam "Spirit of Atticus B"]
[BlackTeam "Shropshire 1"]

1. d4 Nf6 2. Bf4 d5 3. e3 c5 4. c3 Nc6 5. Nd2 cxd4 6. exd4 Bf5 7. Ngf3 Ne4 8.
Nxe4 Bxe4 9. Bd3 Bxd3 10. Qxd3 e6 11. Qb5 Qd7 12. a4 a6 13. Qb6 Be7 14. Ne5
Nxe5 15. Bxe5 f6 16. Bg3 Rc8 17. O-O h5 18. h4 g5 19. Rad1 Rc6 20. Qb3 gxh4 21.
Bxh4 Rg8 22. Qc2 e5 23. Qh7 Qg4 24. Bg3 e4 25. Qh6 f5 26. Qf4 Qg6 0-1

[Event "4NCL Division 3 North"]
[Site "Wakefield, ENG"]
[Date "2018.03.18"]
[Round "8.41"]
[White "Page, Mark E"]
[Black "Lonsdale, Jon I"]
[Result "1-0"]
[WhiteElo "2154"]
[BlackElo "1855"]
[PlyCount "77"]
[EventDate "2018.03.18"]
[WhiteTeam "Warwickshire Select 2"]
[BlackTeam "Manchester Manticores 3"]

1. e4 c5 2. Nf3 Nc6 3. Bb5 g6 4. O-O Bg7 5. c3 Nf6 6. Re1 O-O 7. d3 Qb6 8. a4
d6 9. h3 a6 10. Bc4 Qc7 11. Bf4 e5 12. Bg5 h6 13. Bxf6 Bxf6 14. Nbd2 Rb8 15.
Nf1 b5 16. axb5 axb5 17. Bb3 c4 18. Bc2 cxd3 19. Qxd3 Be6 20. Rad1 Rfd8 21. Ne3
Ne7 22. Qd2 d5 23. Nxd5 Nxd5 24. exd5 Bxd5 25. Qxh6 Bxf3 26. gxf3 b4 27. Rxd8+
Rxd8 28. Bb3 Bg7 29. Qxg6 bxc3 30. bxc3 Kf8 31. Qf5 Qd7 32. Qh5 Rb8 33. Rd1 Qe7
34. Bd5 Qf6 35. Ra1 Bh6 36. Ra7 Qg6+ 37. Qg4 Rb1+ 38. Kg2 Qxg4+ 39. fxg4 1-0

[Event "4NCL Division 3 North"]
[Site "Wakefield, ENG"]
[Date "2018.03.18"]
[Round "8.42"]
[White "Collins, Richard A"]
[Black "Paterson, Andrew I"]
[Result "1/2-1/2"]
[WhiteElo "1900"]
[BlackElo "2065"]
[PlyCount "67"]
[EventDate "2018.03.18"]
[WhiteTeam "Manchester Manticores 3"]
[BlackTeam "Warwickshire Select 2"]

1. d4 f5 2. c4 Nf6 3. Nc3 e6 4. g3 Bb4 5. Bd2 Nc6 6. Nf3 O-O 7. Bg2 d6 8. O-O
Bd7 9. a3 Bxc3 10. Bxc3 Ne4 11. Rc1 Qe8 12. e3 Kh8 13. Nd2 Nxc3 14. Rxc3 e5 15.
d5 Ne7 16. f4 c5 17. dxc6 Bxc6 18. Bxc6 Qxc6 19. Qf3 Rad8 20. Qxc6 Nxc6 21. Kf2
d5 22. Nf3 dxc4 23. fxe5 b5 24. Ke2 Kg8 25. b3 Na5 26. Nd4 Nxb3 27. Nxb3 cxb3
28. Rxb3 Rd5 29. Rc1 Rxe5 30. Rc7 Rf7 31. Rc8+ Rf8 32. Rc7 Rf7 33. Rc8+ Rf8 34.
Rc7 1/2-1/2

[Event "4NCL Division 3 North"]
[Site "Wakefield, ENG"]
[Date "2018.03.18"]
[Round "8.43"]
[White "Turner, Simon"]
[Black "Altham, John T"]
[Result "1/2-1/2"]
[WhiteElo "1952"]
[BlackElo "1892"]
[PlyCount "97"]
[EventDate "2018.03.18"]
[WhiteTeam "Warwickshire Select 2"]
[BlackTeam "Manchester Manticores 3"]

1. d4 d6 2. c4 Nd7 3. Nc3 Ngf6 4. e4 e5 5. d5 Be7 6. Bd3 c6 7. h3 Qc7 8. Be3 h6
9. Nf3 Nf8 10. Qd2 g5 11. Be2 Ng6 12. g3 Bd7 13. O-O-O c5 14. Ne1 Qc8 15. f4
gxf4 16. gxf4 exf4 17. Bf2 Ne5 18. Qxf4 Nxd5 19. Qg3 Nxc3 20. Qxc3 Qc7 21. Kb1
O-O-O 22. Ng2 Kb8 23. Nf4 Bc6 24. Nd5 Bxd5 25. Rxd5 Nc6 26. Bh5 Qa5 27. Bg3 Nb4
28. a3 Nc6 29. Rc1 Qxc3 30. Rxc3 Bf6 31. Rf3 Be5 32. Bh4 Rdf8 33. Bf6 Rhg8 34.
Bg4 Rg6 35. Bh4 Rg7 36. Bd7 Rg2 37. Rf2 Rfg8 38. Bg4 Rxf2 39. Bxf2 Kc7 40. Be3
Rg6 41. Rd2 Rf6 42. Rf2 Rxf2 43. Bxf2 Bd4 44. Be1 Ne5 45. Be2 Kd7 46. b3 Ng6
47. Bd2 Bg7 48. Bg4+ Kc7 49. Bh5 1/2-1/2

[Event "4NCL Division 3 North"]
[Site "Wakefield, ENG"]
[Date "2018.03.18"]
[Round "8.44"]
[White "Tyton, Adam"]
[Black "Phillips, Alan"]
[Result "1/2-1/2"]
[WhiteElo "1877"]
[BlackElo "1885"]
[PlyCount "29"]
[EventDate "2018.03.18"]
[WhiteTeam "Manchester Manticores 3"]
[BlackTeam "Warwickshire Select 2"]

1. e4 Nc6 2. Nf3 d5 3. exd5 Qxd5 4. Nc3 Qa5 5. Bb5 Bd7 6. O-O e6 7. d3 Bb4 8.
Bd2 Nf6 9. Re1 O-O 10. Bxc6 Bxc6 11. Ne5 Qb6 12. Nxc6 Qxc6 13. Ne4 Be7 14. Bg5
Nd5 15. Bxe7 1/2-1/2

[Event "4NCL Division 3 North"]
[Site "Wakefield, ENG"]
[Date "2018.03.18"]
[Round "8.45"]
[White "Phillips, David"]
[Black "Potter, Steven"]
[Result "1/2-1/2"]
[WhiteElo "1791"]
[BlackElo "1840"]
[PlyCount "42"]
[EventDate "2018.03.18"]
[WhiteTeam "Warwickshire Select 2"]
[BlackTeam "Manchester Manticores 3"]

1. d4 e6 2. Nf3 b6 3. e4 Bb7 4. Bd3 c5 5. c3 Nf6 6. Qe2 Be7 7. O-O Nc6 8. a3
Na5 9. Nbd2 c4 10. Bc2 Qc7 11. Re1 b5 12. Nf1 Nb3 13. Bxb3 cxb3 14. e5 Bxf3 15.
Qxf3 Nd5 16. Bf4 a5 17. Bg3 O-O 18. Qd3 a4 19. Ne3 Qc6 20. Nxd5 Qxd5 21. Qe4
Qc4 1/2-1/2

[Event "4NCL Division 3 North"]
[Site "Wakefield, ENG"]
[Date "2018.03.18"]
[Round "8.51"]
[White "Bennett, Patrick"]
[Black "White, Mark W"]
[Result "1-0"]
[WhiteElo "2014"]
[BlackElo "2026"]
[PlyCount "145"]
[EventDate "2018.03.18"]
[WhiteTeam "Holmes Chapel"]
[BlackTeam "Jorvik"]

1. d4 Nf6 2. c4 c5 3. d5 b5 4. cxb5 a6 5. b6 Qxb6 6. Nc3 g6 7. e4 d6 8. Be2 Bg7
9. Nf3 O-O 10. Nd2 Bd7 11. a4 a5 12. O-O Na6 13. Nc4 Qc7 14. f4 Nb4 15. Bf3
Rab8 16. Qe2 e6 17. e5 Ne8 18. dxe6 fxe6 19. Nb5 Bxb5 20. axb5 d5 21. Nxa5 Ra8
22. Nb3 Rxa1 23. Nxa1 Qb6 24. Bg4 Nc7 25. Nb3 Rb8 26. Qe3 d4 27. Qh3 h5 28. Be2
d3 29. Bd1 Qxb5 30. Be3 Bf8 31. f5 exf5 32. Bxh5 Rb6 33. Qg3 Qc6 34. Rxf5 Bg7
35. Rg5 Qd5 36. Nd2 Nc2 37. Bxg6 Nxe3 38. Qxe3 Rxb2 39. Bxd3 Rb4 40. Nf3 Ne6
41. Rh5 Rb3 42. Bh7+ Kf8 43. Rf5+ Ke7 44. Qe1 Nd4 45. Qh4+ Ke8 46. Bg6+ Kd7 47.
Nxd4 Rb1+ 48. Kf2 Rb2+ 49. Ne2 Rxe2+ 50. Kxe2 Qxg2+ 51. Rf2 Qxg6 52. Qh3+ Kc7
53. Qf5 Qa6+ 54. Qd3 Qa2+ 55. Kf3 Qa8+ 56. Qe4 Qe8 57. Re2 Qh5+ 58. Qg4 Qf7+
59. Kg2 Qd5+ 60. Qe4 Qg8 61. Kh1 Qf7 62. Qg2 Bh6 63. e6 Qf5 64. e7 Qb1+ 65. Qg1
Qb7+ 66. Rg2 Kd7 67. h3 Kxe7 68. Qxc5+ Ke6 69. Qc4+ Ke5 70. Qe2+ Kf6 71. Qb2+
Qxb2 72. Rxb2 Bf4 73. Rb5 1-0

[Event "4NCL Division 3 North"]
[Site "Wakefield, ENG"]
[Date "2018.03.18"]
[Round "8.52"]
[White "Hodge, Steve R"]
[Black "Samuel Lares, Jairo"]
[Result "1/2-1/2"]
[WhiteElo "2042"]
[BlackElo "2001"]
[PlyCount "85"]
[EventDate "2018.03.18"]
[WhiteTeam "Jorvik"]
[BlackTeam "Holmes Chapel"]

1. e4 c5 2. Nc3 Nc6 3. g3 g6 4. Bg2 Bg7 5. d3 d6 6. f4 Rb8 7. Nf3 Nf6 8. O-O
O-O 9. h3 e5 10. f5 gxf5 11. exf5 Bxf5 12. Nxe5 Ne7 13. Nf3 Qd7 14. Kh2 Ng6 15.
Bg5 h6 16. Nh4 Bg4 17. hxg4 Nxg4+ 18. Kh1 hxg5 19. Nf5 Nf6 20. Qd2 Kh7 21. Qxg5
Rh8 22. Nxg7 Kxg7+ 23. Kg1 Qd8 24. Ne4 Nxe4 25. Qxd8 Rbxd8 26. Bxe4 f6 27. Bxg6
Kxg6 28. Rae1 Rhe8 29. Kf2 Re5 30. Rxe5 dxe5 31. Ke3 f5 32. Rh1 b5 33. Rh4 Re8
34. Kf3 c4 35. a4 cxd3 36. cxd3 bxa4 37. Rxa4 Rb8 38. Rxa7 Rxb2 39. Ra8 Rb3 40.
Ke2 Rb4 41. Rg8+ Kf7 42. Ra8 Ke6 43. Re8+ 1/2-1/2

[Event "4NCL Division 3 North"]
[Site "Wakefield, ENG"]
[Date "2018.03.18"]
[Round "8.53"]
[White "Doran, Chris"]
[Black "Mounce, Richard B"]
[Result "1/2-1/2"]
[WhiteElo "1954"]
[BlackElo "1995"]
[PlyCount "47"]
[EventDate "2018.03.18"]
[WhiteTeam "Holmes Chapel"]
[BlackTeam "Jorvik"]

1. e4 e5 2. Nf3 Nc6 3. Bb5 a6 4. Ba4 Nf6 5. O-O b5 6. Bb3 Bb7 7. Re1 Bc5 8. c3
d6 9. d4 Bb6 10. Be3 O-O 11. Nbd2 h6 12. h3 Re8 13. d5 Ne7 14. Bxb6 cxb6 15.
Nh4 g5 16. Nf5 Nxf5 17. exf5 Qd7 18. Qf3 Kg7 19. Rad1 Bc8 20. g4 Rh8 21. Kg2
Bb7 22. Ne4 Nxe4 23. Qxe4 f6 24. Rh1 1/2-1/2